|
|
|
|
| LEADER |
02747nam a2200421 4500 |
| 001 |
ocn861536211 |
| 003 |
OCoLC |
| 005 |
20180501122013.0 |
| 006 |
m o d |
| 007 |
cr cn||||||||| |
| 008 |
131009s2013 enka ob 001 0 eng d |
| 040 |
|
|
|a E7B
|b eng
|e rda
|e pn
|c E7B
|d UIU
|d N$T
|d YDXCP
|d OCLCF
|d SWW
|d OCLCQ
|d ESU
|d GrThAP
|
| 020 |
|
|
|a 9780124078420
|q (electronic bk.)
|
| 020 |
|
|
|a 0124078427
|q (electronic bk.)
|
| 020 |
|
|
|a 9780124076938
|
| 020 |
|
|
|a 0124076939
|
| 035 |
|
|
|a (OCoLC)861536211
|
| 050 |
|
4 |
|a QR84
|b .M53 2013eb
|
| 072 |
|
7 |
|a SCI
|x 056000
|2 bisacsh
|
| 082 |
0 |
4 |
|a 571.2/9
|
| 049 |
|
|
|a TEFA
|
| 245 |
0 |
0 |
|a Microbial globins :
|b status and opportunities /
|c edited by Robert K. Poole, West Riding professor of microbiology, Department of Molecular Biology and Biotechnology, the University of Sheffield, Firth Court, Western Bank, Sheffield, UK.
|
| 250 |
|
|
|a First edition.
|
| 264 |
|
1 |
|a London, UK :
|b Academic Press,
|c 2013.
|
| 300 |
|
|
|a 1 online resource (508 pages) :
|b illustrations (some color).
|
| 336 |
|
|
|a text
|b txt
|2 rdacontent
|
| 337 |
|
|
|a computer
|b c
|2 rdamedia
|
| 338 |
|
|
|a online resource
|b cr
|2 rdacarrier
|
| 490 |
0 |
|
|a Advances in microbial physiology,
|x 0065-2911 ;
|v volume sixty three
|
| 504 |
|
|
|a Includes bibliographical references and indexes.
|
| 588 |
0 |
|
|a Online resource; title from PDF title page (ebrary, viewed October 9, 2013).
|
| 505 |
0 |
|
|a Haem-based sensors : a still growing old superfamily / Francesca Germani, Luc Moens, and Sylvia Dewilde -- The diversity of 2/2 (truncated) globins / Alessandra Pesce, Martino Bolognesi, and Marco Nardini -- Protoglobin : structure and ligand-binding properties / Alessandra Pesce, Martino Bolognesi, and Marco Nardini -- The globins of Campylobacter jejuni / Mariana Tinajero-Trejo and Mark Shepherd -- Haemoglobins of mycobacteria : structural features and biological functions / Kelly S. Davidge and Kanak L. Dikshit -- The globins of cyanobacteria and algae / Eric A. Johnson and Juliette T.J. Lecomte -- The Dos family of globin-related sensors using PAS domains to accommodate haem acting as the active site for sensing external signals / Shigetoshi Aono -- The globins of cold-adapted Pseudoalteromonas haloplanktis TAC125 : from the structure to the physiological functions / Daniela Giordano [and seven others] -- Microbial eukaryote globins / Serge N. Vinogradov [and five others].
|
| 650 |
|
0 |
|a Microorganisms
|x Physiology.
|
| 650 |
|
7 |
|a SCIENCE
|x Life Sciences
|x Anatomy & Physiology.
|2 bisacsh
|
| 650 |
|
7 |
|a Microorganisms
|x Physiology.
|2 fast
|0 (OCoLC)fst01019963
|
| 655 |
|
4 |
|a Electronic books.
|
| 700 |
1 |
|
|a Poole, Robert K.,
|e editor.
|
| 856 |
4 |
0 |
|u https://www.sciencedirect.com/science/bookseries/00652911/63
|z Full Text via HEAL-Link
|